ბათუმის შოთა რუსთაველის სახელმწიფო უნივერსიტეტის ბიბლიოთეკა

ხელვაჩაურის სკოლის მატიანე / (ბიბ.ჩანაწერი № 54664)

000 -ლიდერი
ფიქსირებული სიგრძის საკონტროლო ველი 01082nam a2200253Ia 4500
001 - საკონტროლო ნომერი
საკონტროლო ველი 21731
003 - საკონტროლო ნომრის იდენტიფიკატორი
საკონტროლო ველი GE_BSU
005 - ბოლო ოპერაციის თარიღი და დრო
საკონტროლო ველი 20220125171125.0
008 - ფიქსირებული სიგრძის მონაცემთა ელემენტები - ზოგადი ინფორმაცია
ფიქსირებული სიგრძის საკონტროლო ველი 181216s ||||ge |||||||||||||| ||geo||
020 ## - წიგნის საერთაშორისო სტანდარტული ნომერი
International Standard Book Number 9789941460395
040 ## - კატალოგიზაციის წყარო
Transcribing agency GE_BSU
041 ## - ენის კოდი
Language code of text/sound track or separate title geo
080 ## - უნივერსალური ათობითი კლასიფიკაციის ინდექსი
Universal Decimal Classification number 373.5(479.223)+371.12(479.223) ა-14
100 ## - მთავარი ჩანაწერი - პიროვნების სახელი
Personal name აბაშიძე, ლამარა
9 (RLIN) 13453
245 ## - ცნობა სათაურის შესახებ
Title ხელვაჩაურის სკოლის მატიანე /
Statement of responsibility, etc ლამარა აბაშიძე, ნოდარ ბასილაძე ; რედ. ე. ბოლქვაძე.
264 ## - წარმოების, გამოცემის, დისტრიბუციის და სხვა ცნობები
გამოცემის, წარმოების, დისტრიბუციის... ადგილი ბათუმი :
გამოცემის, წარმოების, დისტრიბუციის... სახელწოდება ს.ს. "გამ-ბა აჭარა,
გამოცემის, წარმოების, დისტრიბუციის... თარიღი 2017.
300 ## - ფიზიკური აღწერა
Extent 271 გვ. :
Other physical details ილ. ;
Dimensions 21სმ.
653 ## - INDEX TERM--UNCONTROLLED
Uncontrolled term პედაგოგიკა
653 ## - INDEX TERM--UNCONTROLLED
Uncontrolled term ხელვაჩაურის სკოლის მატიანე
700 ## - ADDED ENTRY--PERSONAL NAME
Personal name ბასილაძე, ნოდარ
Relator term ავტორი
9 (RLIN) 13454
700 ## - ADDED ENTRY--PERSONAL NAME
Personal name ბოლქვაძე, ე.
Relator term რედაქტორი
9 (RLIN) 13455
942 ## - ADDED ENTRY ELEMENTS (KOHA)
Koha item type წიგნი
Source of classification or shelving scheme
ეგზემპლარები
ჩამოწერის სტატუსი დაკარგული ეგზემპლარის სტატუსი კლასიფიკაციის წყარო ან თაროზე გაწყობის სქემა დაზიანების სტატუსი არ გაიცემა მუდმივი მდებარეობა (დაცვის ადგილი) ამჟამინდელი ადგილსამყოფელი თაროზე განთავსების ადგილი შეძენის თარიღი ღირებულება, შესყიდვის ნორმალური ფასი სრული შენახვის შიფრი შტრიხკოდი ბოლო ოპერაციის თარიღი ეგზემპლარის მიმდევრობითი ნომერი (კეტერი?) ფასის ძალაში შესვლის თარიღი ეგზემპლარის სახეობა საჯარო შენიშვნა
          ბათუმის შოთა რუსთაველის სახელმწიფო უნივერსიტეტის მთავარი ბიბლიოთეკა ბათუმის შოთა რუსთაველის სახელმწიფო უნივერსიტეტის მთავარი ბიბლიოთეკა წიგნსაცავი 2018-12-17 5.00 373.5(479.223)+371.12(479.223) ა-14 55940 2018-12-17 55940 2018-12-17 წიგნი 5.00 ₾.